<?xml version="1.0" encoding="UTF-8"?><?xml-stylesheet type="text/xsl" href="static/style.xsl"?><OAI-PMH xmlns="http://www.openarchives.org/OAI/2.0/" xmlns:xsi="http://www.w3.org/2001/XMLSchema-instance" xsi:schemaLocation="http://www.openarchives.org/OAI/2.0/ http://www.openarchives.org/OAI/2.0/OAI-PMH.xsd"><responseDate>2026-04-13T01:18:34Z</responseDate><request verb="GetRecord" identifier="oai:www.recercat.cat:2445/192690" metadataPrefix="marc">https://recercat.cat/oai/request</request><GetRecord><record><header><identifier>oai:recercat.cat:2445/192690</identifier><datestamp>2025-12-05T14:52:10Z</datestamp><setSpec>com_2072_1057</setSpec><setSpec>col_2072_478917</setSpec><setSpec>col_2072_478924</setSpec></header><metadata><record xmlns="http://www.loc.gov/MARC21/slim" xmlns:dcterms="http://purl.org/dc/terms/" xmlns:xsi="http://www.w3.org/2001/XMLSchema-instance" xmlns:doc="http://www.lyncode.com/xoai" xsi:schemaLocation="http://www.loc.gov/MARC21/slim http://www.loc.gov/standards/marcxml/schema/MARC21slim.xsd">
   <leader>00925njm 22002777a 4500</leader>
   <datafield ind2=" " ind1=" " tag="042">
      <subfield code="a">dc</subfield>
   </datafield>
   <datafield ind2=" " ind1=" " tag="720">
      <subfield code="a">Trius-Soler, Marta</subfield>
      <subfield code="e">author</subfield>
   </datafield>
   <datafield ind2=" " ind1=" " tag="720">
      <subfield code="a">Tresserra i Rimbau, Anna</subfield>
      <subfield code="e">author</subfield>
   </datafield>
   <datafield ind2=" " ind1=" " tag="720">
      <subfield code="a">Moreno Aznárez, Juan José</subfield>
      <subfield code="e">author</subfield>
   </datafield>
   <datafield ind2=" " ind1=" " tag="720">
      <subfield code="a">Peris Bernal, Pilar</subfield>
      <subfield code="e">author</subfield>
   </datafield>
   <datafield ind2=" " ind1=" " tag="720">
      <subfield code="a">Estruch Riba, Ramon</subfield>
      <subfield code="e">author</subfield>
   </datafield>
   <datafield ind2=" " ind1=" " tag="720">
      <subfield code="a">Lamuela Raventós, Rosa Ma.</subfield>
      <subfield code="e">author</subfield>
   </datafield>
   <datafield ind2=" " ind1=" " tag="260">
      <subfield code="c">2023-01-26T12:02:10Z</subfield>
   </datafield>
   <datafield ind2=" " ind1=" " tag="260">
      <subfield code="c">2023-01-26T12:02:10Z</subfield>
   </datafield>
   <datafield ind2=" " ind1=" " tag="260">
      <subfield code="c">2022-11-15</subfield>
   </datafield>
   <datafield ind2=" " ind1=" " tag="260">
      <subfield code="c">2023-01-26T12:02:10Z</subfield>
   </datafield>
   <datafield ind2=" " ind1=" " tag="520">
      <subfield code="a">Introduction: Osteoporosis is a chronic progressive bone disease characterized by low bone mineral density (BMD) and micro-architectural deterioration of bone tissue, leading to an increase in bone fragility and the risk of fractures. A well-known risk factor for bone loss is postmenopausal status. Beer may have a protective effect against osteoporosis associated with its content of silicon, polyphenols, iso-α-acids and ethanol, and its moderate consumption may therefore help to reduce bone loss in postmenopausal women. Methods: Accordingly, a 2-year controlled clinical intervention study was conducted to evaluate if a moderate daily intake of beer with (AB) or without alcohol (NAB) could have beneficial effects on bone tissue. A total of 31 postmenopausal women were assigned to three study groups: 15 were administered AB (330 mL/day) and six, NAB (660 mL/day), whereas, the 10 in the control group refrained from consuming alcohol, NAB, and hop-related products. At baseline and subsequent assessment visits, samples of plasma and urine were taken to analyze biochemical parameters, and data on medical history, diet, and exercise were collected. BMD and the trabecular bone score (TBS) were determined by dual-energy X-ray absorptiometry. Markers of bone formation (bone alkaline phosphatase [BAP] and N-propeptide of type I collagen [PINP]) and bone resorption (N-telopeptide of type I collagen [NTX] and C-telopeptide of type I collagen [CTX]) were determined annually. Results: Bone formation markers had increased in the AB and NAB groups compared to the control after the 2-year intervention. However, the evolution of BMD and TBS did not differ among the three groups throughout the study period. Discussion: Therefore, according to the findings of this pilot study, moderate beer intake does not seem to have a protective effect against bone loss in early post-menopausal women.</subfield>
   </datafield>
   <datafield tag="653" ind2=" " ind1=" ">
      <subfield code="a">Cervesa</subfield>
   </datafield>
   <datafield tag="653" ind2=" " ind1=" ">
      <subfield code="a">Polifenols</subfield>
   </datafield>
   <datafield tag="653" ind2=" " ind1=" ">
      <subfield code="a">Dieta</subfield>
   </datafield>
   <datafield tag="653" ind2=" " ind1=" ">
      <subfield code="a">Dones</subfield>
   </datafield>
   <datafield tag="653" ind2=" " ind1=" ">
      <subfield code="a">Beer</subfield>
   </datafield>
   <datafield tag="653" ind2=" " ind1=" ">
      <subfield code="a">Polyphenols</subfield>
   </datafield>
   <datafield tag="653" ind2=" " ind1=" ">
      <subfield code="a">Diet</subfield>
   </datafield>
   <datafield tag="653" ind2=" " ind1=" ">
      <subfield code="a">Women</subfield>
   </datafield>
   <datafield ind2="0" ind1="0" tag="245">
      <subfield code="a">Effect of moderate beer consumption (with and without ethanol) on osteoporosis in early postmenopausal women: Results of a pilot parallel clinical trial</subfield>
   </datafield>
</record></metadata></record></GetRecord></OAI-PMH>